LDR 00814naa#a2200169#i#450# 001 EN\\bibl\111085 005 20260516143844.6 011 ## _a2074-8183 100 ## _a20260331b2026####ek#y0engy0150####ca 102 ## _aRU 200 1# _aCRIMINAL AND LEGAL COUNTERACTING PUBLIC CIRCULATION OF CRIMINOGENIC INFORMATION AIMED AT DEFAMATION OF THE AUTHORITY OF THE RUSSIAN FEDERATION AND GOVERNMENT BODIES: TRENDS AND PROSPECTS _eJournal article 210 1# _aVolgograd _cVolgograd Academy of the Ministry of Internal Affairs of Russia _d2026 215 ## _a6 с. 608 ## _aJournal article _2local 675 ## _aПреступления против собственного государства. Государственные преступления. 343.32 _z 700 #1 _aVolkolupova _gVladislava Vladimirovna 856 4# _ava-mvd.editorum.ru _u